Szczegóły MARC21

Terapia logopedyczna dzieci z zaburzeniami słuchu i mowy : wybrane problemy teorii i praktyki surdologopedycznej /

003 -Nazwa inst., której nr kontr. jest w polu 001 [,]
    • @
    • Nazwa instytucji, której n kontrolny jest w polu 001
    • NUKAT
005 -DATA I CZAS OSTATNIEJ MODYFIKACJI [,]
    • @
    • pole kontrolne
    • 20241231112405.0
020 -Międzynarod. znormalizowany nr książki - ISBN [ , ]
    • a
    • Numer ISBN
    • 8373087761 Find
020 -Międzynarod. znormalizowany nr książki - ISBN [ , ]
    • a
    • Numer ISBN
    • 9788373087767 Find
040 -Instytucja sporządzająca opis [ , ]
    • a
    • Instytucja, która sporządziła opis (NP)
    • WR 56/ms
    • c
    • Instytucja, która sporządziła rekord (NP)
    • WR 56/ms
    • d
    • Instytucja, która zmodyfikowała rekord (P)
    • WR 56/eb
    • d
    • Instytucja, która zmodyfikowała rekord (P)
    • LUBL U/WAGs
942 -Rodzaj dokumentu [ , ]
    • c
    • Rodzaj dokumentu
    • Książka
100 -Hasło główne - nazwa osobowa [1, ]
    • a
    • Nazwa osobowa (NP)
    • Gunia, Grażyna.
    • 9
    • KHW
    • 17522
245 -Strefa tytułu i oznaczenia odpowiedzialności [1,0]
    • a
    • Tytuł
    • Terapia logopedyczna dzieci z zaburzeniami słuchu i mowy : Find
    • b
    • Ciąg dalszy tytułu (NP)
    • wybrane problemy teorii i praktyki surdologopedycznej / Find
    • c
    • Pozostałe elementy strefy tytułu i oznaczenia odpowiedzialności (NP)
    • Grażyna Gunia.
250 -Strefa wydania [ , ]
    • a
    • Oznaczenie wydania (NP)
    • Wyd. 2 uzup.
260 -Strefa adresu wydawniczego [ , ]
    • a
    • Miejsce wydania (P)
    • Kraków :
    • b
    • Nazwa wydawcy (P)
    • Oficyna Wydawnicza "Impuls",
    • c
    • Data wydania (P)
    • 2006.
300 -Strefa opisu fizycznego [ , ]
    • a
    • Określenie formy książki i/lub objętość (NP)
    • 226, [2] s. :
    • b
    • Oznaczenie ilustracji (NP)
    • il. ;
    • c
    • Format (NP)
    • 24 cm.
336 -Typ zawartości [ , ]
    • a
    • Termin opisujący typ zawartości
    • Tekst
    • b
    • Kod określający zawartość
    • txt
    • 2
    • Źródło (terminu i kodu)
    • rdacontent
337 -Typ mediów [ , ]
    • a
    • Tryb odtwarzania
    • Bez urządzenia pośredniczącego
    • b
    • Kod typu mediów
    • n
    • 2
    • Źródło (terminu i kodu)
    • rdamedia
338 -Typ/rodzaj nośnika [ , ]
    • a
    • Hasło opisujące typ nośnika
    • Wolumin
    • b
    • Kod typu nośnika
    • nc
    • 2
    • Źródło (terminu i kodu)
    • rdacarrier
504 -Uwaga dot. bibliogr. załącznikowej [ , ]
    • a
    • Uwaga dot. bibliografii załącznikowej
    • Bibliogr. s. 213-226.
530 -Uwaga dot. innej postaci fizycznej dokumentu [ , ]
    • a
    • Uwaga dot. innej postaci fizycznej dokumentu
    • Dostępny również w wersji elektronicznej.
080 -Uniwersalna Klasyfikacja Dziesiętna [ , ]
    • 2
    • Identyfikator wydania tablic
    • UDC-P058
    • a
    • Symbol klasyfikacji
    • 616.28
    • b
    • Dopowiedzenie
    • Choroby uszu. Otologia. Choroba Meniera. Otoskleroza.
    • x
    • Poddział wspólny
    • -053.2
    • b
    • Dopowiedzenie
    • -dzieci ogólnie
080 -Uniwersalna Klasyfikacja Dziesiętna [ , ]
    • 2
    • Identyfikator wydania tablic
    • UDC-P058
    • a
    • Symbol klasyfikacji
    • 612.85
    • b
    • Dopowiedzenie
    • Słuch.
    • x
    • Poddział wspólny
    • -053.2
    • b
    • Dopowiedzenie
    • -dzieci ogólnie
080 -Uniwersalna Klasyfikacja Dziesiętna [ , ]
    • 2
    • Identyfikator wydania tablic
    • UDC-P058
    • a
    • Symbol klasyfikacji
    • 612.78
    • b
    • Dopowiedzenie
    • Głos. Mowa.
    • x
    • Poddział wspólny
    • -053.2
    • b
    • Dopowiedzenie
    • -dzieci ogólnie
080 -Uniwersalna Klasyfikacja Dziesiętna [ , ]
    • 2
    • Identyfikator wydania tablic
    • UDC-P058
    • a
    • Symbol klasyfikacji
    • 376-056.263
    • b
    • Dopowiedzenie
    • Nauczanie (rewalidacja) osób głuchych i głuchoniemych. Pedagogika głuchych. Surdopedagogika.
    • x
    • Poddział wspólny
    • -053.2
    • b
    • Dopowiedzenie
    • -dzieci ogólnie
080 -Uniwersalna Klasyfikacja Dziesiętna [ , ]
    • 2
    • Identyfikator wydania tablic
    • UDC-P058
    • a
    • Symbol klasyfikacji
    • 376-056.264
    • b
    • Dopowiedzenie
    • Nauczanie (rewalidacja) osób z zaburzeniami mowy. Pedagogika zaburzeń mowy. Logopedia. Patologopedia. Logoterapia.
    • x
    • Poddział wspólny
    • -053.2
    • b
    • Dopowiedzenie
    • -dzieci ogólnie
650 -Hasło przedmiotowe [ ,7]
    • a
    • Hasło przedmiotowe
    • Dzieci z niepełnosprawnością słuchu
    • x
    • Określnik rzeczowy
    • rehabilitacja.
    • 2
    • Źródło terminu
    • kaba
    • 9
    • KHW
    • 106952
650 -Hasło przedmiotowe [ ,7]
    • a
    • Hasło przedmiotowe
    • Logopedia dla dzieci.
    • 2
    • Źródło terminu
    • kaba
    • 9
    • KHW
    • 153956
650 -Hasło przedmiotowe [ ,7]
    • a
    • Hasło przedmiotowe
    • Zaburzenia mowy u dzieci
    • x
    • Określnik rzeczowy
    • leczenie
    • z
    • Określnik geograficzny
    • Polska.
    • 2
    • Źródło terminu
    • kaba
    • 9
    • KHW
    • 432385
980 -Symbol UKD [ , ]
    • a
    • UKD
    • 616.28:612.85:612.78:376-056.263:376-056.264]-053.2
710 -Hasło dodatkowe - nazwa ciała zbiorowego [2, ]
    • a
    • Nazwa ciała zbiorowego lub nazwa geograficzna jako pierwszy element (NP)
    • Oficyna Wydawnicza Impuls.
    • 4
    • Kod relacji
    • pbl
    • 9
    • KHW
    • 52864
920 -ISBN [ , ]
    • a
    • ISBN
    • 83-7308-776-1 Find
920 -ISBN [ , ]
    • a
    • ISBN
    • 978-83-7308-776-7 Find
Status udost. Sygnatura Lokalizacja Data inwentaryzacji Numer inwentarzowy
-3 BG2007-09-12Pd.18723
-3 BG2007-09-12Pd.18722
1Z.109962BG2008-01-03Z.109962